Нестационарные режимы газопроводов; Известия Академии наук СССР. Энергетика и транспорт; № 5

Dettagli Bibliografici
Parent link:Известия Академии наук СССР. Энергетика и транспорт.— , 1963-1991.— 0002-3310
№ 5.— 1986.— С. 160-166
Autore principale: Фурман А. В.
Lingua:russo
Pubblicazione: 1986
Soggetti:
Natura: MixedMaterials Capitolo di libro
KOHA link:https://koha.lib.tpu.ru/cgi-bin/koha/opac-detail.pl?biblionumber=456636

MARC

LEADER 00000naa2a2200000 4500
001 456636
005 20231101084633.0
035 |a (RuTPU)RU\TPU\prd\120020 
035 |a RU\TPU\tpu\12783 
090 |a 456636 
100 |a 20110915a1986 k y0rusy50 ca 
101 0 |a rus 
102 |a RU 
200 1 |a Нестационарные режимы газопроводов  |f А. В. Фурман 
461 0 |0 (RuTPU)RU\TPU\prd\767  |x 0002-3310  |t Известия Академии наук СССР. Энергетика и транспорт  |d 1963-1991 
463 0 |0 (RuTPU)RU\TPU\prd\119967  |t № 5  |v С. 160-166  |d 1986 
610 1 |a газопроводы 
610 1 |a режимы работы 
610 1 |a нестационарные режимы 
610 1 |a труды учёных ТПУ 
700 1 |a Фурман  |b А. В. 
801 1 |a RU  |b 63413507  |c 20060313  |g PSBO 
801 2 |a RU  |b 63413507  |c 20180216  |g RCR 
942 |c BK